Quiz co to za kreskówki - Statystyki

Ogólne statystyki
  • Ten quiz został rozwiązany 150 razy
    128 od ostatniego zresetowania
  • Średni wynik to 6 z 6
Statystyki odpowiedzi
Obrazkowy Odpowiedź % Poprawnych
Batmen
100%
świnka Peppa
99%
Scooby Doo
97%
Sponge Bob
91%
Wilk I Zając
90%
Simpsonowie
83%
Nie znaleziono quizów pasujących do podanych kryteriów
Rozkład punktacji
Procent ludzi z każdym wynikiem
Percentyl według liczby udzielonych odpowiedzi
Twoja historia wyników
Nie rozwiązałeś tego quizu od ostatniego zresetowania